000 01097nam a22003257a 4500
003 CHAP
005 20220329140432.0
008 971013s1985 r 00010 d
010 _a51902
011 _a52874
035 _a57024
040 _cCHAP
090 _aTesis
100 0 0 _aRomán Moreno, José Gustavo.
_999755
245 _aSuplementación de leche a cerdos lactantes de los 7 a los 35 días de edad
260 _aMarín, N. L. :
_bEl autor,
_c1985
300 _a36 h.
502 _aTesis (Ing. Agr. Zootecnista) -- Universidad Autónoma de Nuevo León. Facultad de Agronomía
590 _aALEPH
_b10
_c20130110
_lUCH01
_h1328
590 _aBATCH-UPD
_b10
_c20130110
_lUCH01
_h0704
590 _aBATCH-UPD
_b10
_c20130410
_lUCH01
_h0350
590 _aBATCH-UPD
_b10
_c20130914
_lUCH01
_h1521
590 _aCONVERSION
_b10
_c20130109
_lUCH01
_h1328
650 1 4 _aGanado porcino
_xNutrición.
_945390
650 1 4 _aLeche en nutrición animal.
_965438
650 1 4 _aLechones
_xAlimentación.
_965444
901 _aBK
942 _cTESIS
949 _bBC
_cTES
_d-124226
_eTS1
_h19101
_i57024
_si
999 _c51902
_d51902